Giáo trình kế toán tài chính

Giáo trình kế toán tài chính được sửa chữa lần này đã cập nhật những quy định pháp lý mới nhất về kế toán kiểm toán và chọn lọc những nội dung khoa học phù hợp cả về thực tiễn và lý luận để hoàn thành cuốn giáo trình với chất l...

全面介紹

Đã lưu trong:
書目詳細資料
主要作者: Ngô, Thế Chi
格式: 圖書
語言:Undetermined
出版: Hà Nội Tài chính 2008
主題:
標簽: 添加標簽
沒有標簽, 成為第一個標記此記錄!
Thư viện lưu trữ: Trung tâm Học liệu Trường Đại học Cần Thơ
LEADER 01090nam a2200217Ia 4500
001 CTU_136450
008 210402s9999 xx 000 0 und d
020 |c 95000 
082 |a 657.8333 
082 |b Ch300 
100 |a Ngô, Thế Chi 
245 0 |a Giáo trình kế toán tài chính 
245 0 |c Ngô Thế Chi, Trương Thị Thủy 
260 |a Hà Nội 
260 |b Tài chính 
260 |c 2008 
520 |a Giáo trình kế toán tài chính được sửa chữa lần này đã cập nhật những quy định pháp lý mới nhất về kế toán kiểm toán và chọn lọc những nội dung khoa học phù hợp cả về thực tiễn và lý luận để hoàn thành cuốn giáo trình với chất lượng cao nhất, đáp ứng kịp thời nhu cầu giảng dạy và học tập. 
650 |a Finance,Kế toán tài chính 
650 |x Accounting 
904 |i Trọng Hải 
980 |a Trung tâm Học liệu Trường Đại học Cần Thơ